Ферросилиций. Методы химического и физико-химического анализа; ГОСТ 13230.1-81 Ферросилиций. Метод определения кремния; ГОСТ 13230.4-81 Ферросилиций. Метод определения фосфора; ГОСТ 13230.5-81 Ферросилиций. Метод определения марганца; ГОСТ 13230.6-81 Ферросилиций. Метод определения хрома; ГОСТ 13230.7-81 Ферросилиций. Метод определения общего алюминия; ГОСТ 13230.8-81 Ферросилиций. Метод определения кальция; ГОСТ 13230.9-81 Ферросилиций. Метод определения титана

Bibliographische Detailangaben
Körperschaft: СССР Государственный комитет по стандартам (Госстандарт)
Sprache:Russisch
Veröffentlicht: Москва, Изд-во стандартов, 1981
Ausgabe:Изд. офиц.
TOC:ГОСТ 13230.1-81 Ферросилиций. Метод определения кремния;
ГОСТ 13230.4-81 Ферросилиций. Метод определения фосфора;
ГОСТ 13230.5-81 Ферросилиций. Метод определения марганца;
ГОСТ 13230.6-81 Ферросилиций. Метод определения хрома;
ГОСТ 13230.7-81 Ферросилиций. Метод определения общего алюминия;
ГОСТ 13230.8-81 Ферросилиций. Метод определения кальция;
ГОСТ 13230.9-81 Ферросилиций. Метод определения титана;
Schriftenreihe:Государственные стандарты
Schlagworte:
Format: MixedMaterials Buch
KOHA link:https://koha.lib.tpu.ru/cgi-bin/koha/opac-detail.pl?biblionumber=153873

MARC

LEADER 00000nam0a2200000 4500
001 153873
005 20231031151607.0
035 |a (RuTPU)RU\TPU\book\166918 
035 |a RU\TPU\book\166885 
090 |a 153873 
100 |a 20090217d1981 km y0rusy50 ca 
101 0 |a rus 
102 |a RU 
105 |a a l 000zy 
200 1 |a Ферросилиций. Методы химического и физико-химического анализа 
205 |a Изд. офиц. 
210 |a Москва  |c Изд-во стандартов  |d 1981 
215 |a 70 с.  |c ил. 
225 1 |a Государственные стандарты 
464 |t ГОСТ 13230.1-81 Ферросилиций. Метод определения кремния 
464 |t ГОСТ 13230.4-81 Ферросилиций. Метод определения фосфора 
464 |t ГОСТ 13230.5-81 Ферросилиций. Метод определения марганца 
464 |t ГОСТ 13230.6-81 Ферросилиций. Метод определения хрома 
464 |t ГОСТ 13230.7-81 Ферросилиций. Метод определения общего алюминия 
464 |t ГОСТ 13230.8-81 Ферросилиций. Метод определения кальция 
464 |t ГОСТ 13230.9-81 Ферросилиций. Метод определения титана 
610 1 |a ГОСТы 
610 1 |a стандарты 
610 1 |a химический анализ 
610 1 |a физико-химический анализ 
610 1 |a методы определения 
610 1 |a ферросилиций 
712 0 1 |a СССР  |b Государственный комитет по стандартам (Госстандарт)  |c (1978-1989)  |2 stltpush  |3 (RuTPU)RU\TPU\col\12454 
801 2 |a RU  |b 63413507  |c 20221208  |g PSBO 
942 |c BK